Eötvözet VII. az Eötvös József Collegium és az Eötvös Loránd Kollégium VII. közös konferenciáján elhangzott előadások

Elmentve itt :
Bibliográfiai részletek
Testületi szerző: Eötvözet : Eötvös Collegium és az Eötvös Loránd Kollégium közös bölcsészkonferenciája
További közreműködők: Rózsa Katinka
Dokumentumtípus: Könyv része
Megjelent: SZTE Eötvös Loránd Kollégium Szeged 2018
Sorozat:Acta Szegediensia Collegii de Rolando Eötvös Nominati : Eötvözet 7
Kulcsszavak:Irodalomtudomány - tanulmányok, Történettudomány - tanulmányok, Természettudomány - tanulmányok, Pszichológia - tanulmányok
Tárgyszavak:
Online Access:http://acta.bibl.u-szeged.hu/85218
LEADER 01384naa a2200313 i 4500
001 acta85218
005 20240731132312.0
008 240729s2018 hu o 100 hun d
020 |a 978-963-306-593-8 
022 |a 2062-8439 
040 |a SZTE Egyetemi Kiadványok Repozitórium  |b hun 
041 |a hun 
245 0 0 |a Eötvözet VII.   |h [elektronikus dokumentum] :  |b az Eötvös József Collegium és az Eötvös Loránd Kollégium VII. közös konferenciáján elhangzott előadások 
260 |a SZTE Eötvös Loránd Kollégium  |b Szeged  |c 2018 
300 |a 192  |c 24 cm 
490 0 |a Acta Szegediensia Collegii de Rolando Eötvös Nominati : Eötvözet  |v 7 
650 4 |a Orvos- és egészségtudomány 
650 4 |a Általános orvostudomány 
650 4 |a Társadalomtudományok 
650 4 |a Pszichológia 
650 4 |a Oktatástudomány 
650 4 |a Szociológia 
650 4 |a Bölcsészettudományok 
650 4 |a Történettudomány és régészet 
650 4 |a Nyelvek és irodalom 
695 |a Irodalomtudomány - tanulmányok, Történettudomány - tanulmányok, Természettudomány - tanulmányok, Pszichológia - tanulmányok 
700 0 1 |a Rózsa Katinka 
711 |a Eötvözet : Eötvös Collegium és az Eötvös Loránd Kollégium közös bölcsészkonferenciája  |c Szeged  |d 2018 
856 4 0 |u http://acta.bibl.u-szeged.hu/85218/1/eotvozet_007.pdf  |z Dokumentum-elérés